Sports Quiz

Random Sports or State Quiz
Score 0/8 Timer 02:00
0 Plays Today
State % Correct
Minnesota
81.5%
Hawaii
80%
Connecticut
79.5%
Wyoming
77.8%
Wisconsin
77.1%
Nebraska
76.1%
New Jersey
73.6%
Missouri
66.7%
Remove Ads.
Support Sporcle.
Get the best of Sporcle when you Go Orange. This ad-free experience offers more features, more stats, and more fun while also helping to support Sporcle. Thank you for becoming a member.

You're not logged in!

Compare scores with friends on all Sporcle quizzes.
OR
Log In

Show Comments

Extras

Created Nov 1, 2010ReportNominate
Tags:State Quiz, Exactly, FBS, team

Top Quizzes Today


Score Distribution

Your Account Isn't Verified!

In order to create a playlist on Sporcle, you need to verify the email address you used during registration. Go to your Sporcle Settings to finish the process.

Report this User

Report this user for behavior that violates our Community Guidelines.

Details: